• 首页
  • 本馆介绍
  • 公告通知
  • 最新文献
  • 馆藏检索
  • 电子资源
  • 读者导购
  • 参考咨询
  • 我的图书馆
  • 登录
  • 详细信息显示
  • 放入我的书架
  • 预约/预借图书
  • 作者相关作品
  • 分类相关作品
  • 丛书相关作品
  • 出版社相关作品

书目信息

  • 表格格式
  • 工作单格式
  • 卡片格式
题名:
长城史话
    
 
作者: 罗哲文 著
分册:  
出版信息: 北京   北京出版社  2018
页数: 200页
开本: 18cm
丛书名: 大家小书
单 册:
中图分类: K928.77
科图分类:
主题词: 长城--历史
电子资源:
ISBN: 978-7-200-13280-9
000 01140oam2 2200265 450
001 012001002845
005 20140926114740.0
010    @a978-7-200-13280-9@b精装@dCNY36.00
100    @a20180513d2018 em y0chiy50 ea
101 0  @achi
102    @aCN@b110000
105    @aa z 000yy
106    @ar
200 1  @a长城史话@9chang cheng shi hua@f罗哲文著
210    @a北京@c北京出版社@d2018
215    @a200页@c照片@d18cm
225 2  @a大家小书
314    @a罗哲文 (1924-2012),四川宜宾人,中国古建筑学家。先后任职于文化部文物局、国家文物局、文物档案资料研究室、中国文物研究所等,一直从事中国古代建筑的维修保护和调查研究工作。其主要著作有《中国古塔》《中国古代建筑简史》《长城》《中国帝王陵》等。
330    @a本书结合历史文献记载和实地考察,全面介绍了长城的历史,长城的用途和构造,长城是怎样修建的,以及长城的几处遗址。本书对宣传和了解长城文化,正确认识长城的地位、历史作用及其现实意义,促进长城的保护工作有重要的参考价值。
461  0 @12001 @a大家小书
606 0  @a长城@x历史
690    @aK928.77@v5
701  0 @a罗哲文@9luo zhe wen@f(1924-2012)@4著
801  0 @aCN@b上海新华@c20180901
905    @b1161631-5@dK928.77@e1115@f5
    
    长城史话/罗哲文著.-北京:北京出版社,2018
    200页:照片;18cm.-(大家小书)
    
    
    ISBN 978-7-200-13280-9(精装):CNY36.00
    本书结合历史文献记载和实地考察,全面介绍了长城的历史,长城的用途和构造,长城是怎样修建的,以及长城的几处遗址。本书对宣传和了解长城文化,正确认识长城的地位、历史作用及其现实意义,促进长城的保护工作有重要的参考价值。
●
相关链接 在E读中查询图书 在五车中查询图书 在当当中查询图书 在豆瓣中查询图书


正题名:长城史话     索取号:K928.77/1115         预约/预借

序号 登录号 条形码 馆藏地/架位号 状态 备注
1 1161631   211616312   第二样本阅览室/ [索取号:K928.77/1115] 在馆    
2 1161632   211616321   第二借阅区/ [索取号:K928.77/1115] 在馆    
3 1161633   211616330   第二借阅区/ [索取号:K928.77/1115] 在馆    
4 1161634   211616349   密集书库-史法系/ [索取号:K928.77/1115] 在馆    
5 1161635   211616358   第二借阅区/ [索取号:K928.77/1115] 在馆    
唐山师范学院图书馆 欢迎您!
大连网信软件有限公司© 版权所有